| 000 | 00465nam a2200181Ia 4500 | ||
|---|---|---|---|
| 001 | 23624 | ||
| 005 | 20260414150949.0 | ||
| 008 | 260414t2016||||xx |||||||||||||| ||spa|| | ||
| 041 | _aESP | ||
| 082 |
_a670.427 _bD61 |
||
| 100 |
_aDe Silva, Clarence W. _eAUT |
||
| 245 | 0 |
_aSensors and actuators : _bengineering system instrumentation |
|
| 260 | _c2016 | ||
| 300 |
_axxi, 818 páginas : _c26 cm. |
||
| 650 | _aTCA | ||
| 654 | _aCII | ||
| 942 |
_cLIB _dJUS _fJUS _2ddc _n |
||
| 999 |
_c23624 _d23624 |
||